000 00638nam a2200205Ii 4500
001 5043
003 CO-ViMGA
008 241108s9999||||xx |||||||||||||| ||und||
040 _aCO-ViMGA
_bspa
_erda
_cCO-ViMGA
041 0 _aunk
082 0 4 _a741.5 B213
110 1 _aBanco de la República (Colombia). Biblioteca Luis Angel Arango,
_957411
245 1 0 _aHernán Merino 1987
264 1 _a[Lugar de publicación no identificado] : El Banco, 1987
300 _avolumen
336 _atext
_btxt
_2rdacontent
337 _aunmediated
_bn
_2rdamedia
338 _avolume
_bnc
_2rdacarrier
940 _aidficha_siabuc: 4914. -- ficha_no_siabuc:5043
999 _c56347
_d56347